Rating je investiční informace Co ovplyvňuje podmínky uskutečňovaných finančních obchodů?

Výklad pojmu rating. Dôležitá úloha ratingu v inaternacionalizácii kapitálových tokov, rozvoji medzinárodného kapitálového trhu a využívaní nových inštrumentov. Credit rating ako kľúčový determinant pôžičkovej stratégie daného subjektu. Ratingové spoločnosti, ktoré poskytujú široký rámec finančných...

Description complète

Enregistré dans:
Détails bibliographiques
Auteur principal: Čižinský, M.
Format: Chapitre de livre
Langue:tchèque
Sujets:
Tags: Ajouter un tag
Pas de tags, Soyez le premier à ajouter un tag!

MARC

LEADER 00000naa a2200000 4500
001 r000592
005 20221205075950.1
041 0 |a cze 
044 |a SK 
245 1 0 |a Rating je investiční informace  |b Co ovplyvňuje podmínky uskutečňovaných finančních obchodů?  |c M. Čižinský 
520 |a Výklad pojmu rating. Dôležitá úloha ratingu v inaternacionalizácii kapitálových tokov, rozvoji medzinárodného kapitálového trhu a využívaní nových inštrumentov. Credit rating ako kľúčový determinant pôžičkovej stratégie daného subjektu. Ratingové spoločnosti, ktoré poskytujú široký rámec finančných služieb. Rating Českej republiky. 
610 2 0 |a rating 
610 2 0 |a pojmy 
610 2 0 |a Česko 
610 2 0 |a služby finančné 
100 1 |a Čižinský, M.